LEADER 01124nam a2200289 a 4500 001 000000167524 003 CaOOAMICUS 005 20180507110904.0 008 180507s1992 fr u000 u fre r 020 $a2865632776* 032 $aLibriCat 040 $aPUL$bita 100 1 $aBouazis, Charles.$0(OLS)http://pul/name/107971 245 10$aCe que Proust savait du symptôme /$cCharles Bouazis. 260 $aParis :$bMéridiens-Klincksieck,$c1992. 300 $a323 p. ;$c23 cm. 490 1 $aSemiotique 504 $aContiene riferimenti bibliografici ed indici. 600 14$aProust, Marcel,$d1871-1922.$0(OLS)http://pul/subject/39899 830 0$aSemiotique.$0(OLS)http://pul/title/207600 850 $aPUL 852 $aPUL$W1$xDP1 Fondo Dalla Palma$y117$m2 E 26$j157348$qFondi$B195170$CPULBib$Z2$F195170 $HDal376 $81 941 1 $a1 996 $6020$a2865632776*$9(OLS)http://pul/number/163944 996 $6245$aCe que Proust savait du symptôme$9(OLS)http://pul/title/207599 996 $6260$aParis :$bMéridiens-Klincksieck$9(OLS)http://pul/publisher/86738 LEADER 01315nam a2200289 a 4500 001 000000157946 003 CaOOAMICUS 005 20170119114814.0 008 170119s1991 it c u000 u fre r 032 $aLibriCat 040 $aPUL$bita 082 04$a241 245 00$aHistoria: memoria futuri :$bmèlanges Louis Vereecke (70e anniversaire de naissance) /$csous la direction de Réal Tremblay - Dennis J. Billy. 260 $aRoma :$bEditiones Academiae Alfonsianae,$c1991. 300 $a516 p. :$britr. ;$c24 cm. 490 1 $aQuaestiones morales ;$v05 600 14$aVereecke, Louis.$0(OLS)http://pul/subject/44150 700 1 $aTremblay, Réal.$0(OLS)http://pul/name/23596 700 1 $aBilly, Dennis J.$0(OLS)http://pul/name/99296 830 0$aQuaestiones morales / Accademia Alfonsiana ;$v05.$0(OLS)http://pul/title/27298 850 $aPUL 852 $aPUL$W1$xSL Religione 3$y85$m241 COLL 2.5$j181278$qDDC 21$B184412$CPULBib$Z2$F184412 $H128632 $81 941 1 $a9 996 $6082$a241$9(OLS)http://pul/classification/246 996 $6245$aHistoria: memoria futuri :$bmèlanges Louis Vereecke (70e anniversaire de naissance)$9(OLS)http://pul/title/197535 996 $6260$aRoma :$bEditiones Academiae Alfonsianae$9(OLS)http://pul/publisher/82247